000 00682nam a2200241Ia 4500
003 OSt
005 20220926015219.0
006 a|||||r|||| 00| 0
007 ta
008 220923b |||||||| |||| 00| 0 eng d
037 _cGeneral Book
040 _aRTL
_cRTL
_beng
041 _2eng
_aeng
082 _aX:3M24xM18, M4
100 _aMazlish Bruce
_930011
245 0 _aMeaning of Karl Marx
260 _aNew York
_bOxford University Press
_c1984
300 _aviii, 188p
_ccm.
500 _aBibliography p 174-78
650 _aEconomics Classes Karl Marx
_9230895
942 _hX:3M24xM18, M4
_cGB
_2CC
999 _c630757
_d630757